| 000 | 00696nam a22001697a 4500 | ||
|---|---|---|---|
| 008 | 230601b ||||| |||| 00| 0 eng d | ||
| 082 |
_a307.1216 _bYUV |
||
| 110 | _aYUVA | ||
| 245 | _aEnsuring access to direct benefit transfers among the urban poor | ||
| 260 |
_aNavi Mumbai _bYUVA _c2020 |
||
| 300 | _a5p. | ||
| 520 | _aThis policy brief draws from findings from YUVA's report 'living with multiple vulnerabilities: impact of COVID-19 on the urban poor in the Mumbai metropolitan region'. It aims to understand access to direct cash transfers across 10 cities in the Mumbai metropolitan region (MMR). | ||
| 546 | _aEnglish | ||
| 650 | _aUrban poor | ||
| 650 | _aUrban policy | ||
| 942 | _cRP | ||
| 999 |
_c14499 _d14499 |
||